Thuốc trừ sâu bệnh cho cây trồng: Hướng dẫn, bảo quản, sử dụng
Bewaard in:
| Formaat: | Boek |
|---|---|
| Taal: | Undetermined |
| Gepubliceerd in: |
Hà Nội
TTTT KHKT Hoá chất
1993
|
| Onderwerpen: | |
| Tags: |
Voeg label toe
Geen labels, Wees de eerste die dit record labelt!
|
| Thư viện lưu trữ: | Trung tâm Học liệu Trường Đại học Cần Thơ |
|---|
| LEADER | 00534nam a2200157Ia 4500 | ||
|---|---|---|---|
| 001 | CTU_13038 | ||
| 008 | 210402s9999 xx 000 0 und d | ||
| 082 | |a 632.95 | ||
| 082 | |b Th514 | ||
| 245 | 0 | |a Thuốc trừ sâu bệnh cho cây trồng: Hướng dẫn, bảo quản, sử dụng | |
| 260 | |a Hà Nội | ||
| 260 | |b TTTT KHKT Hoá chất | ||
| 260 | |c 1993 | ||
| 650 | |a pesticides,plants - diseases and pests resistance | ||
| 904 | |i Minh, 961122 | ||
| 980 | |a Trung tâm Học liệu Trường Đại học Cần Thơ | ||